| 000 | 00377cam a2200145ua 4500 | ||
|---|---|---|---|
| 999 |
_c15630 _d15630 |
||
| 003 | OSt | ||
| 008 | 190522b ||||| |||| 00| 0 eng d | ||
| 020 | _a9788189729233 | ||
| 082 |
_a627.02 _bSHA/AG |
||
| 100 |
_aSharma, Premjith . _94115 |
||
| 245 | 0 | 0 | _aAgricultural water management / |
| 260 |
_aNew Delhi : _bGene tech Books , _c2013. |
||
| 300 |
_a302 ; _e`. |
||
| 942 | _cBK | ||